El software: Análisis jurídico (Registro nro. 1635)

Detalles MARC
000 -LEADER
fixed length control field 01813 a2200205 4500
001 - CONTROL NUMBER
control field 28033
005 - DATE AND TIME OF LATEST TRANSACTION
control field 20260407155552.0
008 - FIXED-LENGTH DATA ELEMENTS--GENERAL INFORMATION
fixed length control field 260407a1986 arg spa d
003 - CONTROL NUMBER IDENTIFIER
control field AR-UNSa-BCEJYS
040 ## - CATALOGING SOURCE
Original cataloging agency AR-UNSa-BCEJYS
Language of cataloging spa
Transcribing agency AR-UNSa-BCEJYS
080 ## - UNIVERSAL DECIMAL CLASSIFICATION NUMBER
Universal Decimal Classification number 004.4
Common auxiliary subdivision "Software". Equipo lógico, componentes lógicos, logical, programas
020 ## - INTERNATIONAL STANDARD BOOK NUMBER
International Standard Book Number 950-572-199-4
100 1# - MAIN ENTRY--PERSONAL NAME
Personal name Toubol, Frédérique
245 10 - TITLE STATEMENT
Title El software: Análisis jurídico
264 #1 - PRODUCTION, PUBLICATION, DISTRIBUTION, MANUFACTURE, AND COPYRIGHT NOTICE
Place of production, publication, distribution, manufacture Buenos Aires :
Name of producer, publisher, distributor, manufacturer Víctor P. de Zavalía
Date of production, publication, distribution, manufacture, or copyright notice 1986
300 ## - PHYSICAL DESCRIPTION
Extent 333 p.
Dimensions 23 cm.
505 ## - FORMATTED CONTENTS NOTE
Formatted contents note Parte I: El software: Un nuevo objeto del derecho: 1. Inadaptación del programa de computadora a las categorías jurídicas tradicionales: Sección 1: La difícil aplicación a los programas, de los regímenes jurídicos de bienes muebles corporales – Sección 2: El programa no es una invención que tenga resultado industrial – Sección 3: El concepto de obra del espíritu no cubre completamente la realidad del programa de computadora -- 2. Inadaptación de los mecanismos jurídicos a los programas de computadora: Sección 1: Un régimen de derechos de autor desfigurado – Sección 2: El derecho de los contratos maltrechos -- Parte II: El software: objeto de un nuevo derecho: 1. La importancia económica del programa de computadora ha acarreado cierto reconocimiento por el derecho positivo: Sección 1: El pragmatismo de las reglas que rigen el patrimonio de la empresa – Sección 2: Aplicabilidad de las reglas que rigen un comportamiento -- 2. La originalidad del programa impone la creación de un régimen jurídico nuevo: Sección 1: Unidad de la noción de programa concebido como herramienta informacional – Sección 2: La necesidad de adoptar un régimen original -
590 ## - LOCAL NOTE (RLIN)
Local note niveau_biblio:m niveau_hierar:0
942 ## - ADDED ENTRY ELEMENTS (KOHA)
Koha item type
Existencias
Withdrawn status Lost status Damaged status Not for loan Home library Current library Shelving location Date acquired Total checkouts Full call number Barcode Date last seen Price effective from Koha item type
        Biblioteca Prof. Eusebio Cleto del Rey Biblioteca Prof. Eusebio Cleto del Rey   07/04/2026   004.4 T722 L58880 07/04/2026 07/04/2026 Libro